| 000 | 00681cam a2200169 4500 | ||
|---|---|---|---|
| 001 | ABS61143 | ||
| 008 | 000000n1999 000 0 eng u | ||
| 035 | _a(Sirsi) u101708 | ||
| 100 | _aDraper, M. | ||
| 245 | _aContracts of disposition under the 1989 Act. | ||
| 260 | _c1999 | ||
| 490 |
_aSolicitors' Journal _v143(32) 13 August 1999, 782-783(2) |
||
| 520 | _aConsiders Law of Property (Miscellaneous Provisions) Act 1989 s2, which decrees that all contracts for a sale of land must be in writing. Reviews case law pertaining to this section of the Act, including "Target Holdings v Priestly". | ||
| 650 | _aSALE OF LAND | ||
| 690 | _aPROPERTY LAW AND PRACTICE | ||
| 942 | _n0 | ||
| 999 |
_c60833 _d60833 |
||